Statistiken für Fußballvereine durch einen Hinweis erraten

Klicken Sie hier um das Quiz zu spielen!

Allgemein

  • Dieses Quiz wurde 3.784 mal gespielt
    (376 seit der letzten Aktualisierung)
  • Das Durchschnittsergebnis liegt bei 8 aus 15

Antwortstatistiken

HinweisVerein% Korrekt
Großer Italienischer Club der 2006 mit einem Zwangsabstieg bestraft wurdeJuventus Turin
92%
Die "Fohlen"Borussia Mönchengladbach
74%
Hält den Rekord für den teuersten Transfer-Neuzugang der WeltParis Saint-Germain
71%
Überraschender Premier League Meister 2016Leicester City
63%
Rekordmeister der Österreichischen BundesligaSK Rapid Wien
61%
Spanischer Verein der nur Spieler aus der Region oder der eigenen Jugend im Kader hatAthletic Bilbao
60%
Deutscher 2.Ligist der in den 80er Jahren die Championsleague (Europapokal der Landesmeister) gewonnen hatHamburger SV
56%
Bundesligist mit 750 Mitgliedern von denen 21 stimmberechtigt sindRB Leipzig
56%
Als Superclásico (das Superderby) wird die Partie zwischen den Fußballklubs Boca Juniors und ________________ bezeichnet.River Plate
52%
Bundesliga Verein mit dem aktuell dienstältesten Trainer1. FC Heidenheim
51%
Wappen zeigt die Kapitolinische Wölfin mit den Knaben Romulus und RemusAS Rom
51%
"The Invincibles" 2003/2004FC Arsenal
51%
Häufigster Vizemeister der BundesligaFC Bayern München
50%
Bundesligist dessen Stadion zu knapp 84% aus Stehplätzen besteht1.FC Union Berlin
36%
Trägt seine Heimspiele im Estádio da Luz aus. (65.647 Plätze)Benfica Lissabon
23%

Verteilung der Resultate

Perzentil nach korrekt beantworteten Fragen

Anzahl Personen mit jedem Resultat

Ihre Resultats-Entwicklung

Sie haben dieses Quiz seit der letzten Aktualisierung nicht gespielt